Adivina el país por el emoji - Estadísticas

Estadísticas generales
  • Esta prueba ha sido intentada 72 veces
  • La puntuación promedio es 14 de 16
Estadísticas de respuestas
Hint Respuesta % Correcto
🦅🍔🎬 Estados Unidos
100%
🍕🍝🎭 Italia
100%
🌵🌮🎺 México
100%
🦘🏝️🏏 Australia
98%
🐉🥟🏮 China
98%
🗼🥖🍷 Francia
98%
🌋🍣🎌 Japón
98%
🏰🍺🥨 Alemania
95%
🍫⛷️⌚ Suiza
95%
🧉🐎🎶 Argentina
90%
🥔🎻🍀 Irlanda
90%
🏔️🕉️🐄 India
89%
🍵⚽️🌞 Brasil
76%
🥝⛰️🐑 Nueva Zelanda
61%
🕌🧆🧿 Turquía
58%
🦁🏉⛱️ Sudáfrica
47%
No se encontraron pruebas coincidentes
Distribución de puntuación
Porcentaje de gente con cada puntuación
Porcentaje por número respondido
Historial de tus puntuaciones
No has intentado esta prueba.